| 000 | 00929nam a2200241Ia 4500 | ||
|---|---|---|---|
| 999 |
_c33304 _d33304 |
||
| 003 | GCL | ||
| 005 | 20240530102610.0 | ||
| 008 | 140319s9999 xx 000 0 ara d | ||
| 040 |
_aGCL / _cGCL |
||
| 082 | 0 | 4 |
_a258.3 _bش ر |
| 100 | 1 | _aمحمد نبيل غنايم | |
| 245 | 1 | 0 |
_aالرسالة للامام الشافعى / _cاعداد ودراسة محمد نبيل غنايم ؛ اشراف ومراجعة عبدالصبور شاهين |
| 260 |
_a[S.N] : _bمركز الاهرام للترجمة والنشر ، _c1988 |
||
| 300 | _a350 ص | ||
| 490 |
_aسلسلة تقريب التراث _v0 |
||
| 650 | 0 | 4 | _aالاسلام |
| 650 | 0 | 4 | _aالشافعى محمد بن ادريس |
| 650 | 0 | 4 | _aالفقه الشافعى |
| 650 | 0 | 4 | _aالفقه الاسلامى |
| 700 | 1 | _aمحمد نبيل غنايم | |
| 700 | 1 | _aالشافعى، ابوعبدالله محمد بن ادريس، 767-819 م | |
| 942 |
_2ddc _cBK |
||